000 00270nam a2200109Ia 4500
008 200302s9999 xx 000 0 und d
100 _aJoaquim Ballarin I Bargallo
245 _aTimber Up Your Home Wood
260 _bLoft Publishing
260 _c2010
300 _a288 P.,
999 _c3017
_d3017